[Event "Deutsche Ländermeisterschaft 2019"]
[Site "Würzburg GER"]
[Date "2019.10.05"]
[Round "6"]
[White "Arndt, Magnus"]
[Black "Schmidek, Emil"]
[Result "0-1"]
[Termination "normal"]
[Board "1.2"]
[BlackTitle "FM"]
[WhiteElo "2312"]
[BlackElo "2387"]
[WhiteClock "00:00:42"]
[BlackClock "00:00:36"]
[WhiteTeam "Schleswig-Holstein"]
[BlackTeam "Berlin"]
[PlyCount "78"]
[WhiteFideId "12998656"]
[BlackFideId "12908150"]
[EventCountry "GER"]
[EventRounds "7"]
[EventType "team-swiss"]
[EventDate "2019.10.01"]

1. e4 {[%clk 1:30:58]} e5 {[%clk 1:30:54]} 2. Nf3 {[%clk 1:31:23]} Nc6 {[%clk
1:31:22]} 3. d4 {[%clk 1:31:49]} exd4 {[%clk 1:31:49]} 4. Nxd4 {[%clk 1:32:14]}
Bc5 {[%clk 1:32:15]} 5. Nb3 {[%clk 1:32:38]} Bb6 {[%clk 1:32:42]} 6. Nc3 {[%clk
1:33:04]} d6 {[%clk 1:33:06]} 7. Qe2 {[%clk 1:33:30]} Be6 {[%clk 1:33:31]} 8.
Be3 {[%clk 1:33:50]} Nf6 {[%clk 1:33:30]} 9. O-O-O {[%clk 1:20:48]} Qe7 {[%clk
1:27:35]} 10. g3 {[%clk 1:17:22]} Bxb3 {[%clk 1:10:52]} 11. axb3 {[%clk
1:14:49]} Bxe3+ {[%clk 1:11:04]} 12. Qxe3 {[%clk 1:15:03]} O-O {[%clk 1:11:24]}
13. Bg2 {[%clk 0:55:15]} a5 {[%clk 0:59:34]} 14. Rhe1 {[%clk 0:46:39]} Nd7
{[%clk 0:45:33]} 15. f4 {[%clk 0:35:49]} f6 {[%clk 0:44:53]} 16. Bf1 {[%clk
0:26:55]} Nb4 {[%clk 0:22:32]} 17. Qd4 {[%clk 0:19:47]} Nc6 {[%clk 0:18:35]}
18. Qe3 {[%clk 0:17:03]} Nc5 {[%clk 0:18:46]} 19. Nd5 {[%clk 0:16:16]} Qd8
{[%clk 0:18:06]} 20. Kb1 {[%clk 0:16:04]} Kh8 {[%clk 0:18:03]} 21. h4 {[%clk
0:13:35]} Re8 {[%clk 0:14:24]} 22. Qf3 {[%clk 0:13:19]} Nb4 {[%clk 0:10:58]}
23. e5 {[%clk 0:09:33]} c6 {[%clk 0:10:07]} 24. Nc3 {[%clk 0:08:35]} d5 {[%clk
0:07:55]} 25. exf6 Qxf6 {[%clk 0:08:16]} 26. Qh5 {[%clk 0:06:59]} g6 {[%clk
0:06:25]} 27. Qg5 {[%clk 0:06:17]} Kg7 {[%clk 0:03:51]} 28. Qxf6+ {[%clk
0:03:56]} Kxf6 {[%clk 0:04:20]} 29. Bg2 {[%clk 0:03:26]} h6 {[%clk 0:01:36]}
30. Kc1 {[%clk 0:03:24]} Rxe1 {[%clk 0:00:42]} 31. Rxe1 {[%clk 0:03:47]} a4
{[%clk 0:01:10]} 32. Nxa4 {[%clk 0:02:25]} Nxa4 {[%clk 0:01:09]} 33. bxa4
{[%clk 0:02:53]} Rxa4 {[%clk 0:01:38]} 34. Kd2 {[%clk 0:02:04]} Ra2 {[%clk
0:00:36]} 35. Kc3 {[%clk 0:01:02]} c5 {[%clk 0:00:54]} 36. Re5 {[%clk 0:00:49]}
d4+ {[%clk 0:01:00]} 37. Kb3 {[%clk 0:00:58]} b6 {[%clk 0:00:36]} 38. Bf1
{[%clk 0:01:04]} Ra1 {[%clk 0:00:47]} 39. Be2 {[%clk 0:00:42]} Nc6 {[%clk
0:00:36]} 0-1

[Event "Deutsche Ländermeisterschaft 2019"]
[Site "Würzburg GER"]
[Date "2019.10.05"]
[Round "6"]
[White "Sulayev, Daniel"]
[Black "Kololli, Martin"]
[Result "1/2-1/2"]
[Termination "normal"]
[Board "1.3"]
[BlackTitle "FM"]
[WhiteElo "2149"]
[BlackElo "2310"]
[WhiteClock "00:05:56"]
[BlackClock "00:06:38"]
[WhiteTeam "Berlin"]
[BlackTeam "Schleswig-Holstein"]
[PlyCount "61"]
[WhiteFideId "12977675"]
[BlackFideId "12936910"]
[EventCountry "GER"]
[EventRounds "7"]
[EventType "team-swiss"]
[EventDate "2019.10.01"]

1. e4 {[%clk 1:30:29]} e5 {[%clk 1:30:54]} 2. Nf3 {[%clk 1:30:50]} Nc6 {[%clk
1:31:19]} 3. Bb5 {[%clk 1:31:04]} a6 {[%clk 1:31:24]} 4. Ba4 {[%clk 1:31:20]}
Nf6 {[%clk 1:28:51]} 5. O-O {[%clk 1:31:19]} Be7 {[%clk 1:29:16]} 6. Qe2 {[%clk
1:31:12]} b5 {[%clk 1:28:30]} 7. Bb3 {[%clk 1:31:28]} d6 {[%clk 1:28:25]} 8. c3
{[%clk 1:31:12]} O-O {[%clk 1:26:05]} 9. d4 {[%clk 1:31:22]} Bd7 {[%clk
1:10:40]} 10. Rd1 {[%clk 1:22:42]} Qc8 {[%clk 1:10:35]} 11. Bg5 {[%clk
1:12:15]} Re8 {[%clk 1:08:45]} 12. Nbd2 {[%clk 1:06:56]} exd4 {[%clk 0:49:41]}
13. cxd4 {[%clk 1:06:48]} Bg4 {[%clk 0:49:51]} 14. Qd3 {[%clk 0:56:44]} Nb4
{[%clk 0:42:12]} 15. Qc3 {[%clk 0:54:12]} c5 {[%clk 0:42:04]} 16. Re1 {[%clk
0:44:41]} Nd7 {[%clk 0:37:16]} 17. Bxe7 {[%clk 0:44:05]} Rxe7 {[%clk 0:37:37]}
18. Rac1 {[%clk 0:37:47]} Qe8 {[%clk 0:31:40]} 19. e5 {[%clk 0:33:33]} dxe5
{[%clk 0:25:45]} 20. dxc5 {[%clk 0:33:49]} Nc6 {[%clk 0:25:20]} 21. Bd5 {[%clk
0:33:11]} Rc8 {[%clk 0:25:02]} 22. b4 {[%clk 0:31:38]} Bxf3 {[%clk 0:20:35]}
23. Nxf3 {[%clk 0:23:27]} Ndb8 {[%clk 0:17:42]} 24. Rcd1 {[%clk 0:20:37]} Rd8
{[%clk 0:16:09]} 25. Bb3 {[%clk 0:17:55]} Nd4 {[%clk 0:14:47]} 26. Nxd4 {[%clk
0:17:17]} exd4 {[%clk 0:15:04]} 27. Rxe7 {[%clk 0:17:23]} Qxe7 {[%clk 0:15:22]}
28. Qf3 {[%clk 0:17:15]} Qd7 {[%clk 0:11:46]} 29. a3 {[%clk 0:13:03]} d3 {[%clk
0:10:17]} 30. Rd2 {[%clk 0:10:01]} Nc6 {[%clk 0:06:38]} 31. Bxf7+ {[%clk
0:05:56]} 1/2-1/2

[Event "Deutsche Ländermeisterschaft 2019"]
[Site "Würzburg GER"]
[Date "2019.10.05"]
[Round "6"]
[White "Glinzner, Alva"]
[Black "Eilenberg, Jonas"]
[Result "0-1"]
[Termination "normal"]
[Board "1.4"]
[WhiteElo "1916"]
[BlackElo "2050"]
[WhiteClock "00:06:54"]
[BlackClock "00:03:07"]
[WhiteTeam "Schleswig-Holstein"]
[BlackTeam "Berlin"]
[PlyCount "80"]
[WhiteFideId "16206169"]
[BlackFideId "16204271"]
[EventCountry "GER"]
[EventRounds "7"]
[EventType "team-swiss"]
[EventDate "2019.10.01"]

1. e4 {[%clk 1:30:52]} e6 {[%clk 1:30:49]} 2. d4 {[%clk 1:31:06]} d5 {[%clk
1:31:12]} 3. Nd2 {[%clk 1:31:17]} a6 {[%clk 1:31:33]} 4. c3 {[%clk 1:30:09]}
Nf6 {[%clk 1:31:25]} 5. e5 {[%clk 1:30:01]} Nfd7 {[%clk 1:31:49]} 6. f4 {[%clk
1:28:33]} c5 {[%clk 1:31:48]} 7. Ndf3 {[%clk 1:27:06]} Nc6 {[%clk 1:29:30]} 8.
Bd3 {[%clk 1:25:57]} Be7 {[%clk 1:23:29]} 9. Ne2 {[%clk 1:25:13]} f5 {[%clk
1:21:32]} 10. h3 {[%clk 1:20:02]} Qa5 {[%clk 0:55:21]} 11. Kf2 {[%clk 1:16:03]}
Qb6 {[%clk 0:55:07]} 12. g4 {[%clk 1:14:52]} c4 {[%clk 0:54:00]} 13. Bc2 {[%clk
1:14:31]} fxg4 {[%clk 0:52:06]} 14. hxg4 {[%clk 1:14:49]} Rf8 {[%clk 0:51:37]}
15. Kg3 {[%clk 1:13:18]} h6 {[%clk 0:40:46]} 16. Bb1 {[%clk 1:06:14]} Qc7
{[%clk 0:29:55]} 17. Qc2 {[%clk 0:58:01]} a5 {[%clk 0:27:16]} 18. Qg6+ {[%clk
0:56:53]} Kd8 {[%clk 0:27:40]} 19. Qxg7 {[%clk 0:55:57]} Ndxe5 {[%clk 0:23:01]}
20. Qxh6 {[%clk 0:53:15]} Nxf3 {[%clk 0:17:33]} 21. Kxf3 {[%clk 0:52:38]} e5
{[%clk 0:16:04]} 22. f5 {[%clk 0:50:20]} Ra6 {[%clk 0:16:16]} 23. Qh3 {[%clk
0:48:39]} b5 {[%clk 0:12:05]} 24. Be3 {[%clk 0:45:30]} b4 {[%clk 0:10:00]} 25.
Bc2 {[%clk 0:39:09]} a4 {[%clk 0:09:26]} 26. a3 {[%clk 0:39:13]} b3 {[%clk
0:09:49]} 27. Bd1 {[%clk 0:38:57]} Bf6 {[%clk 0:09:11]} 28. Kf2 {[%clk
0:36:08]} Bd7 {[%clk 0:06:23]} 29. Ke1 {[%clk 0:32:15]} exd4 {[%clk 0:05:12]}
30. Nxd4 {[%clk 0:30:13]} Nxd4 {[%clk 0:05:19]} 31. Bxd4 {[%clk 0:29:35]} Re8+
{[%clk 0:04:13]} 32. Be2 {[%clk 0:23:50]} Bxd4 {[%clk 0:04:31]} 33. cxd4 {[%clk
0:24:07]} Qf4 {[%clk 0:04:11]} 34. Rd1 {[%clk 0:23:29]} c3 {[%clk 0:02:31]} 35.
bxc3 {[%clk 0:14:04]} Bb5 {[%clk 0:02:21]} 36. Rd2 {[%clk 0:12:13]} b2 {[%clk
0:02:29]} 37. Qh4+ {[%clk 0:06:57]} Kc8 {[%clk 0:02:41]} 38. Qh8 {[%clk
0:06:10]} b1=Q+ {[%clk 0:02:45]} 39. Rd1 {[%clk 0:06:36]} Qxd1+ {[%clk
0:03:07]} 40. Kxd1 {[%clk 0:06:54]} Bxe2+ 0-1

[Event "Deutsche Ländermeisterschaft 2019"]
[Site "Würzburg GER"]
[Date "2019.10.05"]
[Round "6"]
[White "Zhou, Lepu Coco"]
[Black "Farokhi, Keyvan"]
[Result "1-0"]
[Termination "normal"]
[Board "1.5"]
[WhiteElo "1739"]
[BlackElo "2018"]
[WhiteClock "01:03:25"]
[BlackClock "00:56:21"]
[WhiteTeam "Berlin"]
[BlackTeam "Schleswig-Holstein"]
[PlyCount "93"]
[WhiteFideId "16217136"]
[BlackFideId "12998630"]
[EventCountry "GER"]
[EventRounds "7"]
[EventType "team-swiss"]
[EventDate "2019.10.01"]

1. e4 {[%clk 1:30:56]} e5 {[%clk 1:30:54]} 2. Nf3 {[%clk 1:31:20]} Nf6 {[%clk
1:31:17]} 3. Nc3 {[%clk 1:31:06]} Nc6 {[%clk 1:31:41]} 4. d4 {[%clk 1:31:28]}
exd4 {[%clk 1:32:05]} 5. Nxd4 {[%clk 1:31:49]} Bb4 {[%clk 1:32:29]} 6. Nxc6
{[%clk 1:32:09]} bxc6 {[%clk 1:32:53]} 7. Bd3 {[%clk 1:32:30]} d5 {[%clk
1:33:18]} 8. exd5 {[%clk 1:32:41]} O-O {[%clk 1:33:41]} 9. O-O {[%clk 1:32:57]}
cxd5 {[%clk 1:34:07]} 10. Bg5 {[%clk 1:33:03]} c6 {[%clk 1:34:30]} 11. Qf3
{[%clk 1:32:47]} Be7 {[%clk 1:34:48]} 12. Ne2 {[%clk 1:26:28]} Bg4 {[%clk
1:34:13]} 13. Qe3 {[%clk 1:25:15]} Re8 {[%clk 1:34:16]} 14. Qd2 {[%clk
1:19:50]} Bxe2 {[%clk 1:32:55]} 15. Qxe2 {[%clk 1:15:03]} Ba3 {[%clk 1:31:55]}
16. Qf3 {[%clk 1:14:52]} Bxb2 {[%clk 1:32:12]} 17. Rab1 {[%clk 1:15:05]} Rb8
{[%clk 1:29:24]} 18. Qf5 {[%clk 1:12:30]} g6 {[%clk 1:25:24]} 19. Qf3 {[%clk
1:12:48]} Re6 {[%clk 1:24:56]} 20. c4 {[%clk 1:13:00]} Be5 {[%clk 1:21:08]} 21.
h4 {[%clk 1:09:31]} Rxb1 {[%clk 1:07:49]} 22. Rxb1 {[%clk 1:09:54]} Qd6 {[%clk
1:08:04]} 23. Rb7 {[%clk 1:09:35]} Re7 {[%clk 1:06:44]} 24. Rxe7 {[%clk
1:09:20]} Qxe7 {[%clk 1:07:12]} 25. cxd5 {[%clk 1:08:53]} cxd5 {[%clk 1:07:40]}
26. Bxf6 {[%clk 1:08:22]} Bxf6 {[%clk 1:08:03]} 27. Qxd5 {[%clk 1:07:48]} Bxh4
{[%clk 1:08:03]} 28. Qe4 {[%clk 1:07:41]} Qd8 {[%clk 1:07:01]} 29. Bc4 {[%clk
1:06:06]} Kg7 {[%clk 1:03:56]} 30. Qb7 {[%clk 1:04:09]} Bxf2+ {[%clk 0:55:25]}
31. Kxf2 {[%clk 1:04:33]} Qd4+ {[%clk 0:55:50]} 32. Kf3 {[%clk 1:04:46]} Qxc4
{[%clk 0:56:12]} 33. Qxa7 {[%clk 1:05:08]} h5 {[%clk 0:56:26]} 34. a4 {[%clk
1:05:09]} h4 {[%clk 0:54:38]} 35. a5 {[%clk 1:05:07]} Qf1+ {[%clk 0:55:01]} 36.
Qf2 {[%clk 1:03:53]} Qd1+ {[%clk 0:55:10]} 37. Ke3 {[%clk 1:01:57]} Qb3+ {[%clk
0:55:16]} 38. Ke4 {[%clk 1:01:48]} Qa4+ {[%clk 0:55:02]} 39. Qd4+ {[%clk
1:02:12]} Qxd4+ {[%clk 0:55:07]} 40. Kxd4 {[%clk 1:02:35]} g5 {[%clk 0:53:57]}
41. a6 {[%clk 1:02:39]} f5 {[%clk 0:54:19]} 42. a7 {[%clk 1:03:01]} g4 {[%clk
0:54:44]} 43. a8=Q {[%clk 1:03:21]} Kg6 {[%clk 0:55:11]} 44. Ke5 {[%clk
1:03:17]} h3 {[%clk 0:55:33]} 45. Qg8+ {[%clk 1:03:34]} Kh5 {[%clk 0:55:59]}
46. Kxf5 {[%clk 1:03:05]} Kh4 {[%clk 0:56:21]} 47. Qxg4# {[%clk 1:03:25]} 1-0

[Event "Deutsche Ländermeisterschaft 2019"]
[Site "Würzburg GER"]
[Date "2019.10.05"]
[Round "6"]
[White "Rempe, Jonas"]
[Black "Klühs, Gustaf"]
[Result "1-0"]
[Termination "normal"]
[Board "1.6"]
[WhiteElo "1816"]
[BlackElo "1902"]
[WhiteClock "00:26:04"]
[BlackClock "00:28:57"]
[WhiteTeam "Schleswig-Holstein"]
[BlackTeam "Berlin"]
[PlyCount "65"]
[WhiteFideId "16202406"]
[BlackFideId "16228936"]
[EventCountry "GER"]
[EventRounds "7"]
[EventType "team-swiss"]
[EventDate "2019.10.01"]

1. e4 {[%clk 1:30:58]} c5 {[%clk 1:30:58]} 2. Nf3 {[%clk 1:31:24]} Nc6 {[%clk
1:31:20]} 3. Nc3 {[%clk 1:31:44]} e5 {[%clk 1:31:47]} 4. Bc4 {[%clk 1:32:03]}
g6 {[%clk 1:32:09]} 5. O-O {[%clk 1:31:50]} Bg7 {[%clk 1:32:16]} 6. d3 {[%clk
1:30:16]} h6 {[%clk 1:32:39]} 7. a4 {[%clk 1:28:43]} Nge7 {[%clk 1:32:30]} 8.
Ne1 {[%clk 1:07:21]} O-O {[%clk 1:27:47]} 9. f4 {[%clk 1:03:36]} d6 {[%clk
1:25:31]} 10. Nf3 {[%clk 1:03:45]} Bg4 {[%clk 1:23:22]} 11. h3 {[%clk 1:02:26]}
Bxf3 {[%clk 1:23:43]} 12. Qxf3 {[%clk 1:02:37]} Nd4 {[%clk 1:23:22]} 13. Qd1
{[%clk 1:02:54]} exf4 {[%clk 1:21:07]} 14. Bxf4 {[%clk 1:01:43]} Kh7 {[%clk
1:20:48]} 15. Nd5 {[%clk 1:01:11]} f5 {[%clk 1:14:10]} 16. c3 {[%clk 0:48:27]}
Ndc6 {[%clk 1:11:52]} 17. Qd2 {[%clk 0:47:53]} Qd7 {[%clk 0:57:21]} 18. Bg3
{[%clk 0:45:09]} Nxd5 {[%clk 0:52:18]} 19. Bxd5 {[%clk 0:38:18]} Ne7 {[%clk
0:51:34]} 20. Bb3 {[%clk 0:37:21]} Rad8 {[%clk 0:39:10]} 21. Rae1 {[%clk
0:31:20]} d5 {[%clk 0:31:35]} 22. exd5 {[%clk 0:28:30]} Nxd5 {[%clk 0:31:21]}
23. Bxd5 {[%clk 0:27:32]} Qxd5 {[%clk 0:31:45]} 24. Re7 {[%clk 0:27:43]} Rf7
{[%clk 0:31:53]} 25. c4 {[%clk 0:26:07]} Qd4+ {[%clk 0:30:26]} 26. Bf2 {[%clk
0:26:36]} Qf6 {[%clk 0:30:44]} 27. Rxf7 {[%clk 0:26:17]} Qxf7 {[%clk 0:31:01]}
28. Bxc5 {[%clk 0:25:41]} Qxc4 {[%clk 0:31:15]} 29. dxc4 {[%clk 0:25:09]} Rxd2
{[%clk 0:31:16]} 30. Bxa7 {[%clk 0:25:34]} Rxb2 {[%clk 0:30:58]} 31. Rd1 {[%clk
0:25:22]} g5 {[%clk 0:28:59]} 32. Rd7 {[%clk 0:25:43]} Kg6 {[%clk 0:28:57]} 33.
Rxg7+ {[%clk 0:26:04]} 1-0

[Event "Deutsche Ländermeisterschaft 2019"]
[Site "Würzburg GER"]
[Date "2019.10.05"]
[Round "6"]
[White "Schnabel, Luise"]
[Black "Mundt, Alexandra"]
[Result "1/2-1/2"]
[Termination "normal"]
[Board "1.7"]
[WhiteElo "1900"]
[BlackElo "1756"]
[WhiteClock "00:26:45"]
[BlackClock "00:31:27"]
[WhiteTeam "Berlin"]
[BlackTeam "Schleswig-Holstein"]
[PlyCount "82"]
[WhiteFideId "12943347"]
[BlackFideId "16217276"]
[EventCountry "GER"]
[EventRounds "7"]
[EventType "team-swiss"]
[EventDate "2019.10.01"]

1. e4 {[%clk 1:30:57]} e5 {[%clk 1:30:54]} 2. Nf3 {[%clk 1:31:19]} Nf6 {[%clk
1:31:14]} 3. Nxe5 {[%clk 1:31:27]} d6 {[%clk 1:31:38]} 4. Nf3 {[%clk 1:31:42]}
Nxe4 {[%clk 1:31:56]} 5. Nc3 {[%clk 1:31:45]} Nxc3 {[%clk 1:32:11]} 6. dxc3
{[%clk 1:32:05]} Be7 {[%clk 1:32:20]} 7. Be3 {[%clk 1:32:03]} Bg4 {[%clk
1:32:00]} 8. h3 {[%clk 1:31:19]} Bh5 {[%clk 1:31:16]} 9. Qd5 {[%clk 1:27:24]}
Bxf3 {[%clk 1:27:00]} 10. Qxf3 {[%clk 1:27:33]} Nc6 {[%clk 1:27:04]} 11. Bb5
{[%clk 1:23:00]} Qd7 {[%clk 1:26:42]} 12. c4 {[%clk 1:20:38]} O-O {[%clk
1:25:44]} 13. O-O-O {[%clk 1:18:08]} Rfd8 {[%clk 1:18:58]} 14. c3 {[%clk
0:35:42]} a6 {[%clk 1:11:28]} 15. Ba4 {[%clk 0:35:29]} Ne5 {[%clk 1:11:07]} 16.
Bxd7 {[%clk 0:35:23]} Nxf3 {[%clk 1:11:27]} 17. Bg4 {[%clk 0:34:52]} Ne5 {[%clk
1:03:57]} 18. Be2 {[%clk 0:34:09]} Re8 {[%clk 0:56:23]} 19. Rhe1 {[%clk
0:28:30]} b5 {[%clk 0:44:54]} 20. cxb5 {[%clk 0:17:45]} axb5 {[%clk 0:45:13]}
21. Kb1 {[%clk 0:13:25]} c6 {[%clk 0:39:31]} 22. f4 {[%clk 0:07:58]} Ng6 {[%clk
0:37:35]} 23. Bf3 {[%clk 0:05:39]} Ra6 {[%clk 0:29:41]} 24. g3 {[%clk 0:04:42]}
Kf8 {[%clk 0:25:17]} 25. Re2 {[%clk 0:04:11]} d5 {[%clk 0:18:11]} 26. Rde1
{[%clk 0:03:54]} Rea8 {[%clk 0:10:03]} 27. a3 {[%clk 0:03:13]} Bd6 {[%clk
0:10:00]} 28. Bd4 {[%clk 0:02:44]} Ne7 {[%clk 0:09:25]} 29. Be5 {[%clk
0:02:11]} Bxe5 {[%clk 0:06:13]} 30. Rxe5 {[%clk 0:02:39]} R6a7 {[%clk 0:06:38]}
31. Kc2 {[%clk 0:02:16]} g6 {[%clk 0:05:33]} 32. g4 {[%clk 0:01:48]} Ng8 {[%clk
0:05:25]} 33. f5 {[%clk 0:01:25]} Nf6 {[%clk 0:04:32]} 34. fxg6 {[%clk
0:01:15]} hxg6 {[%clk 0:05:01]} 35. g5 {[%clk 0:01:06]} Ne8 {[%clk 0:05:10]}
36. Be2 {[%clk 0:00:55]} Nd6 {[%clk 0:05:11]} 37. Bd3 {[%clk 0:01:09]} Ra4
{[%clk 0:05:25]} 38. Rf1 {[%clk 0:01:13]} Rh4 {[%clk 0:04:22]} 39. Bxg6 {[%clk
0:01:06]} Rxh3 {[%clk 0:03:55]} 40. Bd3 {[%clk 0:00:35]} Re8 {[%clk 0:01:33]}
41. Rxe8+ {[%clk 0:26:45]} Kxe8 {[%clk 0:31:27]} 1/2-1/2

[Event "Deutsche Ländermeisterschaft 2019"]
[Site "Würzburg GER"]
[Date "2019.10.05"]
[Round "6"]
[White "Bräutigam, Katerina"]
[Black "Wiesner, Paula"]
[Result "0-1"]
[Termination "normal"]
[Board "1.8"]
[WhiteElo "1778"]
[BlackElo "1958"]
[WhiteClock "00:00:54"]
[BlackClock "00:19:21"]
[WhiteTeam "Schleswig-Holstein"]
[BlackTeam "Berlin"]
[PlyCount "52"]
[WhiteFideId "16242980"]
[BlackFideId "24654019"]
[EventCountry "GER"]
[EventRounds "7"]
[EventType "team-swiss"]
[EventDate "2019.10.01"]

1. e4 {[%clk 1:30:58]} e6 {[%clk 1:30:57]} 2. d4 {[%clk 1:31:23]} d5 {[%clk
1:31:22]} 3. exd5 {[%clk 1:31:46]} exd5 {[%clk 1:31:49]} 4. Bd3 {[%clk
1:32:04]} c5 {[%clk 1:30:54]} 5. dxc5 {[%clk 1:32:24]} Bxc5 {[%clk 1:31:13]} 6.
Ne2 {[%clk 1:32:23]} Nf6 {[%clk 1:29:33]} 7. O-O {[%clk 1:32:28]} O-O {[%clk
1:28:41]} 8. h3 {[%clk 1:32:39]} h6 {[%clk 1:23:56]} 9. Nd2 {[%clk 1:31:59]}
Nc6 {[%clk 1:23:25]} 10. Nb3 {[%clk 1:31:40]} Bd6 {[%clk 1:18:47]} 11. c3
{[%clk 1:27:13]} Re8 {[%clk 1:13:30]} 12. Ned4 {[%clk 1:27:03]} a6 {[%clk
1:08:41]} 13. Bc2 {[%clk 1:07:18]} Bc7 {[%clk 1:05:19]} 14. Be3 {[%clk
1:02:53]} Qd6 {[%clk 1:02:55]} 15. Nf3 {[%clk 1:01:34]} Ne4 {[%clk 1:00:16]}
16. Nbd4 {[%clk 0:58:40]} Na5 {[%clk 0:55:24]} 17. Ne2 {[%clk 0:55:00]} Qg6
{[%clk 0:50:20]} 18. Kh1 {[%clk 0:42:10]} Bd7 {[%clk 0:38:34]} 19. Qxd5 {[%clk
0:29:11]} Bc6 {[%clk 0:37:10]} 20. Qd1 {[%clk 0:25:49]} Nc4 {[%clk 0:34:14]}
21. Bc1 {[%clk 0:20:08]} Qf6 {[%clk 0:27:57]} 22. Ned4 {[%clk 0:17:05]} Rad8
{[%clk 0:27:36]} 23. Bd3 {[%clk 0:12:50]} Ne5 {[%clk 0:25:30]} 24. Bxe4 {[%clk
0:00:36]} Bxe4 {[%clk 0:25:26]} 25. Be3 {[%clk 0:00:33]} Nxf3 {[%clk 0:22:59]}
26. gxf3 {[%clk 0:00:54]} Qe5 {[%clk 0:19:21]} 0-1

[Event "Deutsche Ländermeisterschaft 2019"]
[Site "Würzburg GER"]
[Date "2019.10.05"]
[Round "6"]
[White "Roseneck, Jonas"]
[Black "Oberhofer, Cédric"]
[Result "1-0"]
[Termination "normal"]
[Board "2.1"]
[WhiteTitle "FM"]
[WhiteElo "2402"]
[BlackElo "2252"]
[WhiteClock "00:11:41"]
[BlackClock "00:02:31"]
[WhiteTeam "Sachsen-Anhalt"]
[BlackTeam "Bayern 1"]
[PlyCount "67"]
[WhiteFideId "12939870"]
[BlackFideId "12941220"]
[EventCountry "GER"]
[EventRounds "7"]
[EventType "team-swiss"]
[EventDate "2019.10.01"]

1. e4 {[%clk 1:30:58]} c5 {[%clk 1:30:48]} 2. Nf3 {[%clk 1:31:25]} Nc6 3. d4
{[%clk 1:31:51]} cxd4 4. Nxd4 Qb6 {[%clk 1:31:53]} 5. Nb3 {[%clk 1:32:47]} Nf6
{[%clk 1:32:07]} 6. Nc3 {[%clk 1:33:13]} e6 {[%clk 1:32:28]} 7. Bd3 {[%clk
1:33:40]} a6 {[%clk 1:31:17]} 8. Qe2 {[%clk 1:32:26]} d6 {[%clk 1:27:27]} 9. f4
{[%clk 1:30:32]} Qc7 {[%clk 1:26:04]} 10. Be3 {[%clk 1:30:06]} b5 {[%clk
1:23:09]} 11. g4 {[%clk 1:23:05]} Be7 {[%clk 1:18:32]} 12. g5 {[%clk 1:16:13]}
Nd7 {[%clk 1:18:56]} 13. O-O-O {[%clk 1:16:39]} Bb7 {[%clk 1:05:15]} 14. Kb1
{[%clk 1:11:41]} Nb4 {[%clk 0:50:34]} 15. Rc1 {[%clk 0:49:22]} Nc5 {[%clk
0:46:51]} 16. Nd4 {[%clk 0:41:10]} O-O {[%clk 0:41:50]} 17. h4 {[%clk 0:34:41]}
d5 {[%clk 0:36:16]} 18. e5 {[%clk 0:28:57]} Ne4 {[%clk 0:31:25]} 19. Bxe4
{[%clk 0:25:57]} dxe4 {[%clk 0:31:49]} 20. h5 {[%clk 0:19:55]} Nc6 {[%clk
0:21:04]} 21. g6 {[%clk 0:18:40]} Nxd4 {[%clk 0:20:46]} 22. gxh7+ {[%clk
0:17:56]} Kh8 {[%clk 0:21:08]} 23. Bxd4 {[%clk 0:18:21]} Rad8 {[%clk 0:18:11]}
24. Rcg1 {[%clk 0:17:20]} f5 {[%clk 0:10:30]} 25. Qg2 {[%clk 0:15:23]} Rf7
{[%clk 0:10:49]} 26. Qg6 {[%clk 0:15:17]} Rdf8 {[%clk 0:08:29]} 27. h6 {[%clk
0:14:04]} Bb4 {[%clk 0:08:53]} 28. hxg7+ {[%clk 0:14:11]} Rxg7 {[%clk 0:09:18]}
29. Qxe6 {[%clk 0:14:36]} Bxc3 {[%clk 0:02:46]} 30. bxc3 {[%clk 0:11:45]} e3
{[%clk 0:03:10]} 31. Qd6 {[%clk 0:11:23]} Rxg1+ {[%clk 0:01:50]} 32. Rxg1
{[%clk 0:10:44]} Qxd6 {[%clk 0:02:08]} 33. exd6+ {[%clk 0:11:13]} Kxh7 {[%clk
0:02:31]} 34. Rg7+ {[%clk 0:11:41]} 1-0